Statistiques concernant Films Disney par leur chanson

Cliquez ici pour prendre le quiz!

Statistiques générales

  • Ce quiz a été pris 25 879 fois
  • Le résultat moyen est 13 sur 21

Statistiques - réponses

ChansonFilm Disney% Correct
Libérée, délivrée La Reine des Neiges
99%
Hakuna Matata Le Roi lion
99%
Il en faut peu pour être heureux Le Livre de la jungle
94%
Ce rêve bleu Aladdin
93%
Sous l'océan La Petite Sirène
92%
Bibbidi-Bobbidi-Boo Cendrillon
86%
Heigh-Ho Blanche-Neige et les Sept Nains
76%
Comme un homme Mulan
74%
Supercalifragilisticexpialidocious Mary Poppins
64%
Le Bleu Lumière Vaiana : La Légende du bout du monde
61%
C'est la fête La Belle et la Bête
59%
Tu t'envoles Peter Pan
59%
Je suis ton ami Toy Story
56%
L'air du vent Pocahontas : Une légende indienne
55%
Où est la vraie vie? Raiponce
55%
Chanson du non-anniversaire Alice au Pays Des Merveilles
48%
Des gammes et des arpèges Les Aristochats
48%
La chanson des siamois La Belle et le Clochard
43%
La chanson de la pluie Bambi
33%
Jamais je n'avouerai Hercule
32%
Le Festin Ratatouille
23%

Distribution des résultats

Percentile par nombre de réponses

% des personnes avec chaque résultat

Votre développement - résultats

Vous n’avez pas pris ce quiz